| 000 | 00497nam a2200181 a 4500 | ||
|---|---|---|---|
| 005 | 20210219160442.0 | ||
| 008 | 081108s2000 mx r 000 0 spa d | ||
| 020 | _a9213001843 | ||
| 035 | _aUPN01000165684 | ||
| 049 | _aUNE | ||
| 080 | _a341.123 "2000" ABC. | ||
| 245 | 0 | 0 | _aABC de las naciones unidas. |
| 260 |
_aNueva York : _aONU, _c2000. |
||
| 300 |
_axvi, 394 p. ; _bfot. |
||
| 690 | _aONU- Estructura administrativa | ||
| 690 | _aOrganizaciones internacionales- ONU | ||
| 905 | _aUNESCO | ||
| 999 |
_c137796 _d137796 |
||